000 01275nam a22002297a 4500
999 _c62766
_d62766
003 Ge_BSU
005 20250210160218.0
008 250210s2008 ge ||||| |||| 00| 0 geo d
020 _a9789994017850
041 _ageo
080 _a913(4)(038) ტ-61
100 _aტისიე, ივ.
_924299
245 _aევროპის ლექსიკონი :
_b გამქრალი და თანამედროვე სახელმწიფოები 1789 წლიდან დღემდე /
_cივ ტისიე; [რედ.: მანანა მექვაბიშვილი, სამეცნ. რედ. ოთარ ჯანელიძე].
264 _aთბ. :
_bჯისიაი,
_c2008.
300 _a825 გვ. :
_bრუკ. ;
_c24 სმ.
500 _aპარალ. თავფურ. ფრანგ.
501 _aდანართი: გვ. 681-754. რუკები: გვ. 775-825.
653 _aევროპის ლექსიკონი
700 _aჯანელიძე, ოთარ
_eსამეცნ. რედაქტორი
_91743
700 _aმექვაბიშვილი, მანანა
_eრედაქტორი
_924300
942 _2udc
_cᲬᲘᲒᲜᲘ